00454nam a2200157Ia 450000500170000000800410001702000150005808200150007310000160008824500750010426000530017930000140023265000210024665000120026765000170027920240719031719.0240331s9999 xx 000 0 und d a8170366836 a282.5bROB aRobinson, R 0aConversion,continuty and change :blived Christianity in Southern Goa aNew DelhibSage Publications India Pvt Ltdc1998 a 236 p ., aSocio- Political aHistory aChristianity